Statistics for RLRS Europe Season 7

Click here to take the quiz!

General Stats

  • This quiz has been taken 8 times
  • The average score is 8 of 24

Answer Stats

HintAnswer% Correct
MethodBorito B
60%
compLexity GaminggReazymeister
60%
ZeNoMoonMonkey Moon
60%
ZeNoMoonZensuz
60%
ARGClayX
40%
Baguette SquadExtra
40%
compLexity GamingFlakes
40%
Veloce EsportsFlamE
40%
Veloce EsportsFreaKii
40%
ARGMarc_By_8
40%
compLexity GamingMognus
40%
ZeNoMoonNolystic
40%
The RightoversBilbo
20%
The RightoversCalix
20%
VikingsMaestro
20%
VikingsMummiSnow
20%
Veloce EsportsNielskoek
20%
MethodOscillon
20%
VikingsPwndx
20%
MethodRix Ronday
20%
Baguette SquadRizuaL
20%
The RightoversSkyline
20%
Baguette SquadSwoOpin
20%
ARGGCR710
0%

Score Distribution

Percentile by Number Answered

Percent of People with Each Score

Your Score History

You have not taken this quiz